00888nam a2200217 a 450000500170000001000130001702000260003003500130005603700270006908200140009610000310011024501050014126000460024627000640029230000260035650000410038270000100042394200280043399900170046195201920047820110803141539.0 aB-440976 c625.00a9780195672145 aB-440976 bResearchco Book Centre a324.609541 aMcMillan, Alistair 93107410aStanding at the margins:cby Alistair McMillan brepresentation and electoral reservation in India / aNew Delhi bOxford University Pressc2005 aYMCA Library Building, Jai Singh Road, bNew Delhi e1100011 axii, 340p.c24cm (Hb) aIncludes bibliographical references  922431 2ddccENmMCMh324.60954 c53220d53220 001040708NFICaLbLd2011-08-03eResearchco Book Centre/RBC-25096/2011-12/R/20.4.11/76/4.3.11/9.6.11g625.00l0o324.60954 MCMpB-440976r2011-08-03 00:00:00t1v625.00w2011-08-03yEN